Teaching Middle Years: (Record no. 588419)
[ view plain ]
| 000 -LEADER | |
|---|---|
| fixed length control field | 00412nam a22001217a 4500 |
| 020 ## - INTERNATIONAL STANDARD BOOK NUMBER | |
| International Standard Book Number | 9781760292928 |
| 082 ## - DEWEY DECIMAL CLASSIFICATION NUMBER | |
| Classification number | 373.236 |
| Author Mark | TEA |
| 245 ## - TITLE STATEMENT | |
| Title | Teaching Middle Years: |
| Remainder of title | rethinking curriculum, pedagogy and assessment / |
| Statement of responsibility, etc. | Edited by Donna Pendergast, Katherine Main, Nan Bahr |
| 260 ## - PUBLICATION, DISTRIBUTION, ETC. | |
| Place of publication, distribution, etc. | London : |
| Name of publisher, distributor, etc. | Routledge, |
| Date of publication, distribution, etc. | 2017. |
| 300 ## - PHYSICAL DESCRIPTION | |
| Extent | 410p. ; |
| Dimensions | 23 cm. |
| 942 ## - ADDED ENTRY ELEMENTS (KOHA) | |
| Source of classification or shelving scheme | |
| Koha item type | Book |
| Withdrawn status | Lost status | Source of classification or shelving scheme | Damaged status | Not for loan | Permanent Location | Current Location | Shelving location | Date acquired | Source of acquisition | Total Checkouts | Full call number | Barcode | Date last seen | Date last checked out | Price effective from | Koha item type |
|---|---|---|---|---|---|---|---|---|---|---|---|---|---|---|---|---|
| Central Library (CL) | Central Library (CL) | Education | 03/01/2022 | Progressive International Agencies | 1 | 373.236 TEA | CL-1025 | 02/25/2025 | 08/13/2024 | 03/01/2022 | Book |
